3 Biggest Cities in each Region of Sudan - Statistics

General Stats
  • This quiz has been taken 8 times
  • The average score is 24 of 54
Answer Stats
Region + Rank Population City % Correct
Khartoum 1 7,083,458 Khartoum
100%
Red Sea 1 631,551 Port Sudan
100%
South Darfur 2 173,230 Kas
88%
Kassala 1 814,616 Kassala
88%
South Darfur 1 1,296,582 Nyala
88%
Khartoum 2 2,397,092 Omdurman
88%
Northern 1 183,477 Dongola
75%
North Kordofan 1 710,928 El Obeid
75%
Khartoum 3 1,810,155 Khartoum North
75%
White Nile 1 417,480 Kosti
75%
North Darfur 1 662,265 Al Fashir
63%
al Qadarif 1 412,820 Al Qadarif
63%
River Nile 1 359,105 Atbara
63%
West Darfur 1 552,810 Al Junaynah
50%
South Kordofan 2 110,661 Dilling
50%
East Darfur 1 506,201 El Daein
50%
West Kordofan 1 296,511 En Nahud
50%
South Kordofan 1 135,190 Kadugli
50%
White Nile 2 373,057 Rabak
50%
Sennar 1 171,085 Sennar
50%
Red Sea 2 115,010 Suakin
50%
Gezira 1 441,725 Wad Madani
50%
Central Darfur 1 337,039 Zalingei
50%
River Nile 3 181,993 Ad-Dāmar
38%
Blue Nile 1 348,272 Ad-Damazīn
38%
al Qadarif 3 72,248 Al Fao
38%
Gezira 2 165,892 Al Manaqil
38%
West Kordofan 3 101,420 El Fula
38%
West Darfur 2 203,090 Forbrenga
38%
Northern 2 76,350 Karima
38%
West Darfur 3 127,104 Murnei
38%
Kassala 3 144,665 New Halfa
38%
River Nile 2 216,255 Shendi
38%
South Kordofan 3 90,516 Abū Jubayhah
25%
East Darfur 3 41,179 Adiela
25%
Northern 3 52,160 Al Goled
25%
Gezira 3 132,062 Al-Hasaheisa
25%
Sennar 3 84,438 Bonzoga
25%
Central Darfur 3 67,308 Deleig
25%
Blue Nile 3 61,449 El Barun
25%
al Qadarif 2 81,635 El Hawata
25%
North Kordofan 3 105,035 Er Rahad
25%
Blue Nile 2 70,706 Er Roseires
25%
Central Darfur 2 119,545 Garsila
25%
South Darfur 3 138,947 Gereida
25%
North Darfur 3 118,030 Kabkabiya
25%
North Darfur 2 150,803 Mellit
25%
West Kordofan 2 131,015 Muglad
25%
East Darfur 2 94,155 Shia'ria
25%
White Nile 3 168,809 Sifeiya
25%
Sennar 2 86,124 Sinjah
25%
Red Sea 3 57,630 Sinkat
25%
North Kordofan 2 161,708 Umm Ruwaba
25%
Kassala 2 158,594 Wadsharefy
25%
No matching quizzes found
Score Distribution
Percent of People with Each Score
Percentile by Number Answered
Your Score History
You have not taken this quiz